BHLH transcription factors in development and disease /

This new volume of Current Topics in Developmental Biology provides a comprehensive set of reviews on bHLH transcription factors. bHLH factors are vastly recognized for their diverse roles in developmental processes and their dysfunction underlies various human pathologies. Each chapter is authorita...

Full description

Bibliographic Details
Corporate Author: ScienceDirect (Online service)
Other Authors: Taneja, Reshma (Editor)
Format: eBook
Language:English
Published: Waltham, Massachusetts : Academic Press, 2014.
Edition:First edition.
Series:Current topics in developmental biology ; v. 110.
Subjects:
Online Access:Connect to the full text of this electronic book

MARC

Tag First Indicator Second Indicator Subfields
LEADER 00000cam a2200000 i 4500
001 in00005756032
005 20260326210320.1
006 m o d
007 cr cn|||||||||
008 140918t20142014mauaf ob 001 0 eng d
010 |a  2016498937 
040 |a E7B  |b eng  |e rda  |e pn  |c E7B  |d OCLCO  |d UIU  |d OCLCF  |d YDXCP  |d OCLCQ  |d UAB  |d Z5A  |d CUS  |d N$T  |d IDEBK  |d EBLCP  |d DEBSZ  |d FEM  |d D6H  |d OCLCQ  |d UX1  |d OCLCO  |d OCLCQ  |d OCLCO  |d OCLCL  |d OCLCQ  |d OCLCL  |d OCLCQ 
015 |a GBB492292  |2 bnb 
015 |a GBB495217  |2 bnb 
016 7 |a 101644972  |2 DNLM 
016 7 |a 016855134  |2 Uk 
016 7 |a 016858060  |2 Uk 
019 |a 890851994  |a 891327340  |a 899277690  |a 968115146  |a 969045802  |a 1235118501 
020 |a 9780124071544  |q (e-book) 
020 |a 0124071546  |q (e-book) 
020 |z 9780124059436 
020 |a 1322126577 
020 |a 9781322126579 
020 |a 0124059430 
020 |a 9780124059436 
035 |a (OCoLC)891381914  |z (OCoLC)890851994  |z (OCoLC)891327340  |z (OCoLC)899277690  |z (OCoLC)968115146  |z (OCoLC)969045802  |z (OCoLC)1235118501 
037 |a 643910  |b MIL 
050 4 |a QP552.T68  |b .B454 2014eb 
060 0 0 |a W1  |b CU82G v.110 2014 
060 1 0 |a QU 475 
072 7 |a SCI  |x 056000  |2 bisacsh 
082 0 4 |a 572.8845  |2 23 
084 |a 42.23  |2 bcl 
049 |a TXAM 
245 0 0 |a BHLH transcription factors in development and disease /  |c edited by Reshma Taneja. 
246 3 |a Basic Helix-Loop-Helix transcription factors in development and disease 
250 |a First edition. 
264 1 |a Waltham, Massachusetts :  |b Academic Press,  |c 2014. 
264 4 |c ©2014 
300 |a 1 online resource (421 pages, 20 unnumbered pages of plates) :  |b color illustrations. 
336 |a text  |b txt  |2 rdacontent 
337 |a computer  |b c  |2 rdamedia 
338 |a online resource  |b cr  |2 rdacarrier 
347 |a text file  |2 rda 
490 1 |a Current Topics in Developmental Biology,  |x 0070-2153 ;  |v Volume 110 
504 |a Includes bibliographical references and index at the end of each chapters. 
588 0 |a Online resource; title from PDF title page (ebrary, viewed September 17, 2014). 
520 |a This new volume of Current Topics in Developmental Biology provides a comprehensive set of reviews on bHLH transcription factors. bHLH factors are vastly recognized for their diverse roles in developmental processes and their dysfunction underlies various human pathologies. Each chapter is authoritatively written by a leading expert in the field and discusses every possible aspect of this huge and diverse field. Covers the area of basic helix-loop-helix (bHLH) transcription factors in development and disease International board of authors Provides a comprehensive set of reviews on our current understanding on the function of bHLH factors in development of various tissues and how de-regulation of these factors can cause, or is linked to, various human diseases. 
505 0 0 |t Molecular and cellular regulation of skeletal myogenesis /  |r Glenda Comai,  |r Shahragim Tajbakhsh --  |t Proneural bHLH genes in development and disease /  |r Carol Huang,  |r Jennifer A. Chan,  |r Carol Schuurmans --  |t The Hand2 gene dosage effect in developmental defects and human congenital disorders /  |r Masaru Tamura,  |r Takanori Amano,  |r Toshihiko Shiroishi --  |t E proteins in lymphocyte development and lymphoid diseases /  |r Ian Belle,  |r Yuan Zhuang --  |t Id proteins : small molecules, mighty regulators /  |r Flora Ling,  |r Bin Kang,  |r Xiao-Hong Sun --  |t E(spl) : genetic, developmental, and evolutionary aspects of a group of invertebrate hes proteins with close ties to notch signaling /  |r Christos Delidakis,  |r Maria Monastirioti,  |r Srivathsa S. Magadi --  |t Expression dynamics and functions of hes factors in development and diseases /  |r Taeko Kobayashi,  |r Ryoichiro Kageyama --  |t Hey bHLH transcription factors /  |r David Weber,  |r Cornelia Wiese,  |r Manfred Gessler --  |t Stra13 and sharp-1, the non-grouchy regulators of development and disease /  |r Jin Rong Ow,  |r Yong Hua Tan,  |r Yu Jin, Avinash G. Bahirvani,  |r Reshma Taneja --  |t DEC1/STRA13/SHARP2 and DEC2/SHARP1 coordinate physiological processes, including circadian rhythms in response to environmental stimuli /  |r Yukio Kato,  |r Takeshi Kawamoto,  |r Katsumi Fujimoto,  |r Mitsuhide Noshiro. 
650 0 |a Transcription factors. 
650 0 |a Helix-loop-helix motifs. 
650 2 |a Transcription Factors 
650 2 |a Helix-Loop-Helix Motifs 
650 6 |a Facteurs de transcription. 
650 6 |a Motif hélice-boucle-hélice. 
650 7 |a SCIENCE  |x Life Sciences  |x Anatomy & Physiology.  |2 bisacsh 
650 7 |a Helix-loop-helix motifs  |2 fast 
650 7 |a Transcription factors  |2 fast 
655 7 |a Electronic books.  |2 local 
700 1 |a Taneja, Reshma,  |e editor. 
710 2 |a ScienceDirect (Online service) 
758 |i has work:  |a BHLH transcription factors in development and disease (Text)  |1 https://id.oclc.org/worldcat/entity/E39PCFHQvmm8W4CTRwFJtMhkcP  |4 https://id.oclc.org/worldcat/ontology/hasWork 
776 0 8 |i Print version:  |t BHLH transcription factors in development and disease.  |b First edition.  |d Amsterdam ; Boston : Elsevier/Academic Press, 2014  |z 9780124059436  |w (DLC) 2016498937  |w (OCoLC)900260310 
830 0 |a Current topics in developmental biology ;  |v v. 110. 
856 4 0 |u http://proxy.library.tamu.edu/login?url=https://www.sciencedirect.com/science/bookseries/00702153/110  |z Connect to the full text of this electronic book  |t 0 
936 |a BATCHLOAD 
955 |a Elsevier ScienceDirect 2026-2027 
994 |a 92  |b TXA 
999 f f |i 708e4b1a-22d1-4dab-b80b-01630dd8a401  |s ee9c1128-679b-493b-b74b-01e795524b9c  |t 0 
952 f f |a Texas A&M University  |b College Station  |c Electronic Resources  |s www_evans  |d Available Online  |t 0  |e QP552.T68 .B454 2014eb  |h Library of Congress classification 
998 f f |a QP552.T68 .B454 2014eb  |t 0  |l Available Online